| 000 | 00734nam a2200205 a 4500 | ||
|---|---|---|---|
| 001 | 000032642 | ||
| 005 | 20200930065742.0 | ||
| 008 | 110725s1931 dr 000 0 spa d | ||
| 040 |
_aDO-SdBNP _bspa _cBNPHU |
||
| 082 |
_a327.7307293 _bL791d |
||
| 100 | 1 |
_aLlaverías, Federico _910157 |
|
| 245 | 1 | 3 |
_aLa doctrina de Monroe / _cFederico Llaverías. |
| 260 |
_aSanto Domingo : _bLa Opinión, _c1931. |
||
| 300 |
_a58 p. ; _c22 cm. |
||
| 650 | 4 |
_aDoctrina de monroe _949882 |
|
| 651 | 4 |
_aRepública Dominicana _xHistoria _9170 |
|
| 651 | 4 |
_aRepública Dominicana _xRelaciones Exteriores _zEstados Unidos _96308 |
|
| 651 | 4 |
_aEstados Unidos _xRelaciones Exteriores _zRepública Dominicana _96309 |
|
| 910 | _aValidado. Control de calidad BNPHU | ||
| 999 |
_c32133 _d32133 |
||